000 00285 a2200145 4500
001 194519
040 _cMagnum
100 _aFrança, Mary
240 1 0 _aO retrato
_lpor
245 1 0 _aO retrato
362 0 _a2007
440 1 _aÁtica
697 _aLITERATURA INFANTIL
942 _cBK
999 _c194519
_d194519